El infinito (Record no. 684)
[ view plain ]
| 000 -CABECERA | |
|---|---|
| campo de control de longitud fija | 01510nam a22002894c 4500 |
| 003 - IDENTIFICADOR DE NUMERO DE CONTROL | |
| campo de control | AR-BaSMT |
| 008 - CAMPOS DE LONGITUD FIJA | |
| campo de control de longitud fija | 260512b2021 aga|||br|||| 00| 1 spa d |
| 020 ## - ISBN: Indicadores indefinidos | |
| Número ISBN | 9789500761659 |
| 040 ## - FUENTE DE CATALOGACION | |
| Agencia de catalogación original | BSGB |
| Idioma de catalogación | español |
| Agencia que realiza la transcripción | BSGB |
| Convenciones de la descripción | rda |
| 041 0# - CODIGO DE IDIOMA | |
| Código idioma | spa |
| Idioma original | español |
| 080 ## - CDU | |
| CDU completo | 82-34 BER |
| 100 1# - PUNTO DE ACCESO PRINCIPAL | |
| Nombre de persona | Bernasconi, Pablo |
| Enlace autoridades | 96 |
| 245 13 - MENCION DE TITULO | |
| Título | El infinito |
| 250 ## - MENCION DE EDICION | |
| Mención de edición | Tercera edición |
| 264 #1 - PRODUCCIÓN, PUBLICACIÓN, DISTRIBUCIÓN, ETC. | |
| Lugar de publicación, etc. | Buenos aires : |
| Nombre editor. | Sudamericana , |
| Fecha | 2021 |
| 300 ## - DESCRIPCION FISICA | |
| Extensión | 64 páginas ; |
| Otros detalles físicos | ilustraciones color |
| 336 ## - TIPO DE CONTENIDO | |
| rdacontent | rdacontent |
| texto | texto |
| txt | txt |
| 337 ## - TIPO DE MEDIO | |
| rdamedia | rdamedia |
| sin mediación | sin mediación |
| n | n |
| 338 ## - TIPO DE SOPORTE | |
| rdacarrier | rdacarrier |
| volumen | volumen |
| nc | nc |
| 490 ## - TÍTULO DE LA SERIE | |
| Título de la serie | Primera sudamericana |
| 520 #1 - NOTA DE SUMARIO, RESUMEN, ETC. | |
| Toda la nota | ¿Qué es el infinito? ¿Queda lejos o está más cerca de lo que pensamos?<br/><br/>Pablo Bernasconi conjuga sus ilustraciones maravillosas con un texto poético que intenta poner palabras a eso que ni los niños ni los grandes pueden realmente abarcar: el infinito.<br/><br/>Un libro álbum para leer y atesorar, de una sensibilidad y un refinamiento inolvidables.<br/><br/>Del autor de Rebelión en el Tortoni; El sueño del pequeño Capitán Arsenio; El brujo, el horrible y el libro rojo de los hechizos; El diario del Capitán Arsenio; La verdadera explicación; Excesos y exageraciones; y Mentiras y moretones, entre otros. |
| URL, URI, etc. | https://www.penguinlibros.com/ar/a-partir-de-9-anos/146242-libro-el-infinito-9789500761659<br/>12/05/2026 |
| 521 ## - NOTA DE PÚBLICO DESTINATARIO | |
| Nota de audiencia | A partir de 8 años |
| 650 #7 - PUNTO DE ACCESO ADICIONAL DE MATERIA – TÉRMINO TEMÁTICO | |
| Enlace autoridades | 8 |
| Término de materia o nombre geográfico como elemento de entrada | LITERATURA INFANTIL |
| 650 #7 - PUNTO DE ACCESO ADICIONAL DE MATERIA – TÉRMINO TEMÁTICO | |
| Enlace autoridades | 23 |
| Término de materia o nombre geográfico como elemento de entrada | CUENTO |
| 942 ## - ELEMENTOS AGREGADOS (KOHA) | |
| CDU | Clasificación Decimal Dewey |
| Tipo de ítem | Libros |
| Disponible | Perdido | Fuente de clasificación | Estado | Ubicación permanente | Locación actual | Estante o sala | Fuente de adquisición | Número de inventario | Total préstamos | Signatura topográfica | Código de barras | Numero de ejemplar | Tipo de item de Koha | Calificador de localización códificado |
|---|---|---|---|---|---|---|---|---|---|---|---|---|---|---|
| Clasificación Decimal Dewey | Biblioteca Susana G. De Batemarco | Biblioteca Susana G. De Batemarco | Verde | donación editorial | 000645 | 82-34 BER | 000645 | 1 | Libros |
